[Event "XXVII. Abierto de Sevilla"]
[Site "?"]
[Date "2002.01.14"]
[Round "4"]
[White "Epishin, V."]
[Black "Paragua, M."]
[Result "1-0"]
[WhiteElo "2599"]
[BlackElo "2469"]
[PlyCount "81"]
[EventDate "1996.??.??"]

1. d4 Nf6 2. c4 g6 3. Nc3 Bg7 4. e4 d6 5. Nf3 O-O 6. Be2 e5 7. O-O Nc6 8. d5
Ne7 9. b4 Nh5 10. Qc2 a5 11. bxa5 Rxa5 12. Re1 c5 13. dxc6 bxc6 14. Be3 Nf4 15.
Rad1 Bg4 16. Qd2 Nxe2+ 17. Qxe2 d5 18. cxd5 cxd5 19. exd5 Nxd5 20. Qd2 Be6 21.
Ng5 Qa8 22. Nxe6 fxe6 23. a4 e4 (23... Nxc3 24. Qxc3 Rxa4 25. h3 Rc8 26. Qb3
Qc6 27. Rd2 Rc4 28. Qd1 Bf8 29. Rd7 Rc7 30. Rd8 Rc8 31. Rd7 Rc7 32. Rxc7 Qxc7
33. Qb3 Qc6 34. Rd1 Rb4 35. Qa2 Rb8 36. Qa5 Bg7 37. Rc1 Qd5 38. Qa4 Ra8 39. Qg4
e4 40. Rc5 Qd6 41. g3 Re8 42. Qxe4 Qe7 43. Ra5 Qf7 44. h4 h6 45. Kg2 Rb8 46.
Kh2 Re8 47. Kh3 Rd8 48. g4 e5 49. Ra6 g5 50. hxg5 hxg5 51. Rg6 Qd5 52. Qxd5+
Rxd5 53. Rxg5 Kf7 54. Rh5 Rd3 55. Kg3 Rc3 56. Kf3 Ke6 57. Rh7 Kf6 58. Rh1 Rc6
59. Rb1 Ke6 60. Rb7 Kf6 61. Rb4 Ra6 62. Ke4 Rc6 63. Rb6 Rxb6 64. Bxb6 Ke6 65.
Bd8 Bf8 66. g5 Ba3 67. g6 Bf8 68. Bg5 Bg7 69. Bh4 Bh6 70. f3 Bf8 71. Bd8 Bh6
72. Bh4 Bf8 73. f4 exf4 74. Kxf4 Bg7 75. Kg5 Ke7 76. Kf5+ Kf8 77. Bf6 Kg8 78.
Bxg7 Kxg7 79. Kg5 Kg8 80. Kh6 Kh8 81. g7+ {
-  Epishin,V-Smirnov,P/Elista 2001/CBM 83 (81).}) 24. Nxd5 exd5 25. Bb6 Rxa4
26. Qxd5+ Qxd5 27. Rxd5 Rf5 28. Rdd1 Bc3 29. Rf1 Ra2 30. Be3 30... Re2 $6 31.
g3 h5 32. Rc1 32... Bf6 { } 33. Rfd1 $16 33... Bg5 34. Rc8+ $18 34... Kf7 35.
Rc7+ Kf6 36. Rc6+ Ke5 37. Bxg5 Rfxf2 (37... Rxg5 38. Rc5+ Kf6 39. Rd6+ Ke7 40.
Rxg5 Kxd6 41. Rxg6+ $18) 38. Be3 Rxh2 39. Rxg6 Reg2+ 40. Kf1 h4 41. Rdd6 1-0

[Event "XXVII. Abierto de Sevilla"]
[Site "?"]
[Date "2002.01.14"]
[Round "4"]
[White "Komljenovic, D."]
[Black "Garcia Luque, A."]
[Result "1-0"]
[WhiteElo "2505"]
[BlackElo "2425"]
[PlyCount "93"]
[EventDate "1996.??.??"]

1. d4 Nf6 2. Nf3 g6 3. c4 Bg7 4. Nc3 d6 5. h3 O-O 6. Bf4 c5 7. d5 Qb6 8. Qc2 e5
9. Bd2 { } 9... e4 $2 10. Ng5 Re8 11. g4 Nbd7 12. Bg2 e3 13. Bxe3 Qb4 14. Qb3
Ne5 15. Qxb4 cxb4 16. Nb5 Nxc4 17. Bd4 h6 18. Nc7 Bd7 19. Nf3 Rac8 20. Nxe8
Rxe8 21. Rc1 Bb5 22. e3 a6 23. O-O Ne5 24. Rfd1 Nfd7 25. Bxe5 Nxe5 26. Nxe5
Bxe5 27. Bf1 Bxb2 28. Bxb5 axb5 29. Rc7 Ra8 30. Rxb7 Rxa2 31. Rxb5 Bc3 32. Kg2
Rb2 33. Ra1 Kg7 34. Rb7 Rxf2+ 35. Kxf2 Bxa1 36. Rxb4 f5 37. gxf5 gxf5 38. Rb1
Bc3 39. Rg1+ Kf6 40. Kf3 Be5 41. h4 Bc3 42. h5 Ke5 43. Rg6 Kxd5 44. Kf4 Bd2 45.
Rxh6 Kc5 46. Re6 d5 47. h6 1-0

[Event "XXVII. Abierto de Sevilla"]
[Site "?"]
[Date "2002.01.14"]
[Round "4"]
[White "Borondo Garcia, R."]
[Black "Salazar Reyes, J."]
[Result "0-1"]
[WhiteElo "2018"]
[BlackElo "2275"]
[PlyCount "68"]
[EventDate "1996.??.??"]

1. e4 c5 2. Nf3 Nc6 3. d4 cxd4 4. Nxd4 Nf6 5. Nc3 e5 6. Ndb5 d6 7. Bg5 a6 8.
Na3 b5 9. Nd5 Be7 10. Bxf6 Bxf6 11. c3 O-O 12. Nc2 Bg5 13. h4 Bh6 14. g4 Bf4
15. Qf3 Re8 16. Be2 Rb8 17. a3 Be6 18. Nce3 Bxe3 19. Nxe3 a5 20. h5 $6 20... b4
21. axb4 axb4 22. O-O $6 (22. Bc4) (22. h6) 22... bxc3 23. bxc3 23... Rb3 $17 {
} 24. Rfc1 (24. Ra6 Rxc3 25. Rxc6 Rxc6 26. Bb5 $17) 24... Rxc3 $1 25. Bf1 (25.
Rxc3 Nd4) 25... Nd4 26. Qg3 Rxc1 27. Rxc1 Qg5 28. Rd1 g6 29. hxg6 hxg6 30. Kg2
Kg7 31. Ba6 Rh8 32. Rb1 Rh4 33. Rb8 Bxg4 34. Kg1 Bf3 0-1

[Event "XXVII. Abierto de Sevilla"]
[Site "?"]
[Date "2002.01.14"]
[Round "4"]
[White "Pogorelov, R."]
[Black "Korneev, O."]
[Result "1/2-1/2"]
[WhiteElo "2460"]
[BlackElo "2568"]
[PlyCount "120"]
[EventDate "1996.??.??"]

1. Nf3 d5 2. d4 Nf6 3. c4 e6 4. Nc3 c6 5. Bg5 h6 6. Bxf6 Qxf6 7. g3 Nd7 8. Bg2
dxc4 9. O-O g6 10. e3 Bg7 11. Nd2 Nb6 12. Qe2 e5 13. d5 cxd5 14. Nxd5 Nxd5 15.
Bxd5 O-O 16. Nxc4 Rb8 17. Rfd1 h5 18. Nd6 Bg4 19. f3 Be6 20. Ne4 Qe7 21. Bxe6
Qxe6 22. Rd6 Qf5 23. Rad1 Rfc8 24. Kg2 Rc7 25. a3 Bf8 26. R6d5 Rbc8 27. R1d2 a6
28. h3 Qe6 29. g4 hxg4 30. hxg4 30... f5 { } 31. Nd6 Rd7 32. Nxc8 Rxd5 33. Rxd5
Qxd5 34. Nb6 Qc6 35. Qc4+ Kg7 36. Qxc6 bxc6 37. gxf5 gxf5 38. Nc4 Kf6 39. e4
Ke6 40. Kf1 Bc5 41. Ke2 Bd4 42. b3 fxe4 43. fxe4 Bc5 44. Kd3 Be7 45. a4 Bb4 46.
Ne3 Bc5 47. Nc2 Kf6 48. Kc4 Bd6 49. Nb4 Bxb4 50. Kxb4 Kg5 51. Ka5 Kf4 52. Kxa6
Kxe4 53. Kb6 Kd3 54. a5 e4 55. a6 e3 56. a7 e2 57. a8=Q e1=Q 58. Qa6+ Kc2 59.
Qc4+ Qc3 60. Kxc6 Kb2 1/2-1/2

[Event "XXVII. Abierto de Sevilla"]
[Site "?"]
[Date "2002.01.14"]
[Round "4"]
[White "Estrada Martinez, C."]
[Black "Barrero Garcia, C."]
[Result "1/2-1/2"]
[WhiteElo "2383"]
[BlackElo "2308"]
[PlyCount "100"]
[EventDate "1996.??.??"]

1. d4 f5 2. c4 Nf6 3. g3 g6 4. Bg2 Bg7 5. Nc3 O-O 6. Nf3 d6 7. O-O Nc6 8. d5
Ne5 9. b3 (9. Nxe5) 9... Ne4 10. Nxe4 Nxf3+ 11. exf3 fxe4 12. Bf4 (12. Rb1 exf3
13. Bxf3 Bf5) 12... exf3 13. Bh1 e5 (13... Bxa1 14. Qxa1 e5 15. dxe6 15... Bxe6
$19) 14. dxe6 (14. Be3 14... e4 $17) 14... Bxe6 (14... Bxa1) 15. Qxf3 (15. Rc1
g5 16. Re1 Re8 17. Be3 17... g4 $17) 15... Bxa1 16. Rxa1 16... g5 $17 17. Re1
Qf6 18. Qd1 Rae8 19. Be3 { } 19... Bxc4 $4 (19... b6) 20. bxc4 $18 20... Rxe3
21. Bd5+ Kg7 22. fxe3 c6 23. Bg2 Qf2+ 24. Kh1 Qxa2 25. Qd4+ Kg8 26. Qg4 Qa5 27.
Rd1 (27. Qe6+ Kg7 28. Rb1 $18) 27... Qe5 28. Qd4 (28. Rf1) 28... Qxd4 29. Rxd4
Rf6 30. Bh3 Kf8 31. Bc8 b6 32. Bb7 c5 33. Rd2 Ke7 34. Ra2 a5 35. Rb2 Rf8 36.
Be4 Rb8 37. Bxh7 (37. Kg2 $16) 37... d5 38. Bd3 dxc4 39. Bxc4 a4 40. Kg2 a3 41.
Rb3 (41. Rb5 $14) 41... b5 $11 42. Bxb5 a2 43. Ra3 Rxb5 44. Rxa2 g4 45. Kf2 Ke6
46. Ke2 Kd5 47. Kd2 Rb3 48. Ra8 Rb2+ 49. Kc3 Rxh2 50. Rg8 Ke4 1/2-1/2

[Event "XXVII. Abierto de Sevilla"]
[Site "?"]
[Date "2002.01.14"]
[Round "4"]
[White "Presado, C."]
[Black "Fernandez Romero, E."]
[Result "0-1"]
[WhiteElo "2051"]
[BlackElo "2347"]
[PlyCount "94"]
[EventDate "1996.??.??"]

1. Nf3 g6 2. g3 Bg7 3. Bg2 e5 4. e4 Nc6 5. O-O d6 6. d3 Nge7 7. Nbd2 h6 8. c3
O-O 9. Re1 f5 10. exf5 gxf5 11. Nh4 Be6 12. f4 Qd7 13. Nb3 b6 14. a4 a5 15. Nd2
Rae8 16. Ndf3 Kh7 17. Bh3 17... Nd5 { } 18. Ng5+ $2 18... hxg5 19. Qh5+ Kg8 20.
fxg5 f4 21. Bg2 Nce7 22. Be4 Bg4 23. Qh7+ Kf7 24. Ng6 Rg8 25. c4 Bf5 26. Qh5
Bxg6 27. Bxg6+ Nxg6 28. cxd5 Rh8 29. Qe2 fxg3 30. hxg3 Qh3 31. Qf1+ Ke7 32.
Qxh3 Rxh3 33. Kg2 Reh8 34. Ra3 Rh2+ 35. Kf3 Rf8+ 36. Kg4 Kd7 37. b4 axb4 38.
Rb3 e4 39. Bf4 exd3 40. Rxd3 Ne5+ 41. Bxe5 Bxe5 42. Re4 Rb2 43. g6 Rbf2 44.
Rxb4 R2f6 45. Re4 Rxg6+ 46. Kh3 Rfg8 47. g4 Rh6+ 0-1

[Event "XXVII. Abierto de Sevilla"]
[Site "?"]
[Date "2002.01.14"]
[Round "4"]
[White "Barrera Martinez, F."]
[Black "Tejero Royo, F."]
[Result "1/2-1/2"]
[WhiteElo "2066"]
[BlackElo "2198"]
[PlyCount "94"]
[EventDate "1996.??.??"]

1. d4 d5 2. c4 c6 3. Nc3 Nf6 4. Nf3 e6 5. cxd5 cxd5 6. Bg5 Be7 7. e3 Nc6 8. Bd3
h6 9. Bf4 a6 10. Rc1 Bd7 11. h3 Rc8 12. O-O Na5 13. Ne5 Nc4 14. Nxc4 dxc4 15.
Bb1 Bc6 16. e4 b5 17. a3 Qd7 18. Re1 Rd8 19. Qe2 (19. Be3) 19... Qxd4 20. Rcd1
Qb6 21. e5 Nd5 22. Bd2 Nxc3 23. Bxc3 Rxd1 24. Rxd1 Bd5 25. Kh1 Qc6 26. f4 g6 (
26... g5) 27. Qd2 h5 28. Bc2 Rg8 29. Bb1 Kf8 30. Bc2 Kg7 31. Re1 Bh4 32. Re2
Rd8 33. Qe3 Qb7 34. Rd2 Bc6 35. f5 gxf5 36. Bxf5 { } 36... exf5 $2 (36... Rxd2
37. Qxd2 exf5 38. e6+ 38... f6 $19) 37. e6+ 37... Kf8 $4 (37... Kg6 38. Rxd8
Bxd8 39. Qg3+ Bg5 40. h4 f6 41. hxg5 fxg5 42. Qe5 h4 43. Qf6+ 43... Kh5 $17)
38. e7+ $2 (38. Qh6+ Ke7 39. Bb4+ Rd6 40. Bxd6+ Kd8 41. Bg3+ Ke8 42. Qh8+ Ke7
43. Qd8+ Kxe6 44. Rd6#) 38... Bxe7 $14 39. Qh6+ Ke8 40. Qh8+ Bf8 41. Rxd8+ Kxd8
42. Qxf8+ Kd7 43. Qxf7+ Kc8 44. Qf8+ Kd7 45. Qxf5+ Kd6 46. Qe5+ Kd7 47. Qg7+
Ke8 1/2-1/2

[Event "XXVII. Abierto de Sevilla"]
[Site "?"]
[Date "2002.01.14"]
[Round "4"]
[White "Rustemov, A."]
[Black "Durao, J."]
[Result "1-0"]
[WhiteElo "2607"]
[BlackElo "2150"]
[PlyCount "127"]
[EventDate "1996.??.??"]

1. d4 g6 2. c4 Bg7 3. e4 d6 4. Nc3 Nf6 5. Nge2 O-O 6. f3 c5 7. d5 e6 8. Ng3
exd5 9. cxd5 Nbd7 10. Be2 a6 11. a4 b6 12. O-O Kh8 13. Bg5 Qc7 14. Rc1 Ng8 15.
Kh1 f6 16. Be3 Ne7 17. f4 f5 18. e5 Ng8 19. e6 Ndf6 20. h3 Ne7 21. Bc4 Bb7 22.
Qd3 Rad8 23. Rfd1 Qc8 24. Nge2 Qa8 25. Ra1 Qc8 26. Bb3 Ne8 27. Bf2 Bf6 28. Rd2
Nc7 29. Bc4 Rfe8 30. Ra3 Qa8 31. Rb3 Qa7 32. Kh2 Kg7 33. g4 h6 34. Ng3 fxg4 35.
Nge4 g3+ 36. Bxg3 Nf5 37. Nxf6 Kxf6 38. Rg2 { } 38... Nxe6 39. dxe6 Bxg2 40.
Kxg2 Kg7 41. Bd5 Nd4 42. Bh4 Rb8 43. Ne4 Rf8 44. Bf2 Nxb3 45. Bxb3 Qb7 46. Kg3
Qe7 47. Be3 Rbd8 48. Bd5 Rf5 49. Nc3 Rh5 50. Kg2 Rf8 51. Qe4 Rff5 52. Bc6 Rf6
53. Bd7 Rff5 54. Ne2 d5 55. Qd3 d4 56. Bd2 Rf8 57. Qe4 Rhf5 58. Ng3 R5f6 59.
Qe5 Kh7 60. h4 b5 61. a5 d3 62. Be3 Rf5 63. Qe4 c4 64. h5 { } (64. h5 R5f6 65.
Bd4 d2 66. Bxf6 Rxf6 67. Qd4 gxh5 68. Qxd2 $16) 1-0

[Event "XXVII. Abierto de Sevilla"]
[Site "?"]
[Date "2002.01.15"]
[Round "5"]
[White "Pogorelov, R."]
[Black "Rustemov, A."]
[Result "1/2-1/2"]
[WhiteElo "2460"]
[BlackElo "2607"]
[PlyCount "69"]
[EventDate "1996.??.??"]

1. d4 d5 2. c4 c6 3. Nf3 Nf6 4. Nc3 a6 5. cxd5 cxd5 6. Ne5 e6 7. Bf4 Be7 8. e3
O-O 9. Bd3 b5 10. O-O Bb7 11. a4 b4 12. Na2 (12. Nb1 Nc6 13. Nd2 Rc8 14. Qe2
Qb6 15. Nb3 Na5 16. Nxa5 Qxa5 17. Bg5 Rc7 18. Rfc1 Rfc8 19. Rxc7 Rxc7 20. Qd1
h6 21. Bh4 Rc8 22. Rc1 Rxc1 23. Qxc1 b3 24. h3 Bd6 25. Qd1 Qxa4 26. Bxf6 gxf6
27. Qg4+ Kf8 28. Qh4 Qa1+ 29. Bf1 a5 30. Qxf6 Bxe5 31. Qxe5 a4 32. Qb8+ Kg7 33.
Qxb7 a3 34. Qc7 axb2 35. Qe5+ Kf8 36. Qd6+ Kg7 37. Qe5+ Kh7 38. Qf6 38... Kg8 {
0-1 Janz,F-Lytchak,A/Apolda 1997/EXT 99 (38).}) 12... Nc6 13. Nc1 Na5 14. Nb3
Nxb3 15. Qxb3 Qa5 16. Rfc1 Rfc8 17. Qd1 h6 18. h3 Qd8 19. Rxc8 Rxc8 20. Rc1 Ne4
21. Rxc8 Qxc8 22. Qc2 Qxc2 23. Bxc2 g5 24. Bh2 a5 25. f3 Nd6 26. b3 Kf8 27.
Nd7+ Ke8 28. Nc5 Bc6 29. g4 Nb7 30. Nxb7 Bxb7 31. Bd3 Bc6 32. Bc7 Bd8 33. Bd6
Be7 34. Bc7 Bd8 35. Bd6 { } 1/2-1/2

[Event "XXVII. Abierto de Sevilla"]
[Site "?"]
[Date "2002.01.15"]
[Round "5"]
[White "Cabrera, A."]
[Black "Suba, M."]
[Result "0-1"]
[WhiteElo "2440"]
[BlackElo "2528"]
[PlyCount "72"]
[EventDate "1996.??.??"]

1. e4 c5 2. Nc3 e6 3. Nf3 d6 4. g3 Nc6 5. Bg2 Nf6 6. O-O Be7 7. d4 cxd4 8. Nxd4
Bd7 9. Re1 O-O 10. a4 a6 11. Nxc6 Bxc6 12. a5 Nd7 13. Ne2 (13. Qe2 Bf6 14. Nd5
exd5 15. exd5 Bb5 16. c4 Re8 17. Be3 Bxc4 18. Qxc4 Bxb2 19. Ra2 19... Rc8 {
-  Gobet,F-Barczay,L/Augsburg 1986/EXT 97 (19).}) 13... b5 14. axb6 Qxb6 15.
Nd4 Bb7 16. Be3 Qc7 17. Nb3 Rab8 18. f4 Rfc8 19. c3 Nf6 20. Bf2 e5 21. Nd2 Rd8
22. c4 Bc8 23. b3 23... Ng4 $15 24. Rf1 (24. f5 Nxf2 25. Kxf2 Bg5 26. Nf3 Qb6+
27. Kf1 27... Bh6 $15) 24... exf4 25. gxf4 Nxf2 26. Kxf2 (26. Rxf2 26... Bf6
$19) 26... Qc5+ 27. Kg3 Bf6 28. Rb1 { } 28... g5 $1 29. f5 29... h5 $1 30. Bf3
(30. Qxh5 Qe3+ 31. Nf3 31... Kg7 $1 $19) 30... g4 31. Be2 (31. Bxg4 hxg4 32.
Qxg4+ Bg7 33. Nf3 33... Re8 $19) 31... Qe3+ $19 32. Kg2 Bb7 33. Bxg4 hxg4 34.
Qxg4+ Kf8 35. Rbd1 Ke7 36. Kh1 Rg8 0-1

[Event "XXVII. Abierto de Sevilla"]
[Site "?"]
[Date "2002.01.15"]
[Round "5"]
[White "De La Cruz, G."]
[Black "Hamdouchi, H."]
[Result "0-1"]
[WhiteElo "2264"]
[BlackElo "2522"]
[PlyCount "74"]
[EventDate "1996.??.??"]

1. e4 c5 2. Nf3 Nc6 3. c3 d5 4. exd5 Qxd5 5. d4 Bg4 6. Be2 cxd4 7. cxd4 e6 8.
Nc3 Qa5 9. O-O Nf6 10. h3 Bh5 11. Be3 Be7 12. a3 Nd5 13. Bd2 (13. Qb3 Qb6 14.
Qxb6 axb6 15. Nxd5 exd5 16. Rfe1 O-O 17. Rac1 Rac8 18. g4 Bg6 19. Nd2 f5 20.
gxf5 Bxf5 21. Bf3 Rcd8 22. Kh2 Bf6 23. Nb3 Rfe8 24. Kg3 Kf7 25. Bg2 h5 26. h4
g6 27. Rc3 Rd7 28. Rec1 Ra8 29. Bf3 Re8 30. Rd1 Be4 31. Be2 Bf5 32. Bf3 Bg4 33.
Bxg4 hxg4 34. Kxg4 Re4+ 35. f4 Rde7 36. Rdd3 Re8 37. Nd2 R4e7 38. Nf3 Re4 39.
Ng5+ Bxg5 40. hxg5 Ke6 41. Rb3 Kd6 42. a4 Kc7 43. Kf3 Ra8 44. Rb5 Kd6 45. Rxb6
Rxa4 46. Rxb7 Nxd4+ 47. Rxd4 Raxd4 48. Rb6+ Ke7 49. Bxd4 Rxd4 50. Rxg6 Rb4 51.
f5 Rxb2 52. Ra6 Rb4 53. g6 Rb8 54. f6+ Kf8 55. Ra7 Rd8 56. Kg4 d4 57. Kh5 d3
58. Kh6 d2 59. g7+ Kg8 60. f7# {1-0 Comp Fritz 4-Jelen,I/Bled 1996/EXT 98 (60).
}) 13... Nxc3 14. bxc3 14... Qc7 { } 15. c4 $6 15... Rd8 $15 16. Be3 O-O 17. d5
(17. Re1) 17... Na5 18. Nd4 Bxe2 19. Qxe2 exd5 20. cxd5 Rxd5 21. Nb5 Qc4 22.
Qxc4 Nxc4 23. Nc7 Nxe3 24. Nxd5 Nxd5 25. Rfd1 Bf6 26. Rac1 Nc3 27. Re1 b5 28.
Rc2 a5 29. Kf1 h5 30. g4 hxg4 31. hxg4 g5 32. Re3 b4 33. Rf3 Kg7 34. axb4 axb4
35. Rf5 b3 36. Rb2 Ne4 37. Rxf6 Kxf6 0-1

[Event "XXVII. Abierto de Sevilla"]
[Site "?"]
[Date "2002.01.15"]
[Round "5"]
[White "Espejo Hava, F."]
[Black "Mellado Trivino, J."]
[Result "1/2-1/2"]
[WhiteElo "2166"]
[BlackElo "2447"]
[PlyCount "28"]
[EventDate "1996.??.??"]

1. e4 d5 2. exd5 Qxd5 3. Nc3 Qd6 4. d4 Nf6 5. Nf3 a6 6. g3 Bg4 7. Bg2 Nc6 8.
Be3 O-O-O 9. h3 (9. O-O e5 10. dxe5 Nxe5 11. Qxd6 Bxd6 12. Nd2 Bb4 13. f4 Ng6
14. Nb3 Rhe8 15. Bd4 Rxd4 16. Nxd4 Bc5 17. Rae1 Bxd4+ 18. Kh1 Bf5 19. Rxe8+
Nxe8 20. Ne4 Bxe4 21. Bxe4 Nd6 22. Bxg6 hxg6 23. c3 Bf6 24. Kg2 b5 25. a3 a5
26. Kf3 b4 27. axb4 axb4 28. Rc1 b3 29. Ke2 c5 30. Kd3 c4+ 31. Kd2 Kd7 32. Re1
Kc6 33. Ke3 Nb7 34. Re2 Nc5 35. h4 Na4 36. Rh2 Bxc3 37. bxc3 37... b2 {
0-1 Basora Pascual,L-Pinazo Donoso,J/Juvenil op 1997/EXT 99 (37).}) 9... Bh5
10. g4 Bg6 11. O-O h5 12. g5 Ne4 13. Nh4 Nxc3 14. bxc3 14... e5 { } 1/2-1/2

[Event "XXVII. Abierto de Sevilla"]
[Site "?"]
[Date "2002.01.15"]
[Round "5"]
[White "Salgado Gonzalez, J."]
[Black "Camacho Calle, P."]
[Result "1/2-1/2"]
[WhiteElo "2063"]
[BlackElo "2195"]
[PlyCount "20"]
[EventDate "1996.??.??"]

1. Nf3 Nf6 2. d4 e6 3. e3 b6 4. Bd3 Bb7 5. Nbd2 c5 6. Qe2 Nc6 7. c3 Be7 8. a3
O-O 9. O-O d5 10. b4 Bd6 1/2-1/2

[Event "XXVII. Abierto de Sevilla"]
[Site "?"]
[Date "2002.01.15"]
[Round "5"]
[White "Komljenovic, D."]
[Black "Epishin, V."]
[Result "1/2-1/2"]
[WhiteElo "2505"]
[BlackElo "2599"]
[PlyCount "48"]
[EventDate "1996.??.??"]

1. Nf3 g6 2. c4 Bg7 3. d4 Nf6 4. g3 O-O 5. Bg2 d5 6. cxd5 Nxd5 7. O-O Nb6 8.
Nc3 Re8 9. Bf4 Na6 10. h3 h6 11. e4 c5 12. d5 e6 13. dxe6 Bxe6 14. Qc1 g5 15.
Be3 Nc4 16. Rd1 Qe7 17. h4 Nb4 18. hxg5 Nxe3 19. Qxe3 Nc2 20. Qc1 Nxa1 21. gxh6
Bxc3 22. Qxc3 f6 23. Rxa1 Rad8 24. e5 24... fxe5 {  ilegible} 1/2-1/2

[Event "XXVII. Abierto de Sevilla"]
[Site "?"]
[Date "2002.01.15"]
[Round "5"]
[White "Korneev, O."]
[Black "Candela Perez, J."]
[Result "1-0"]
[WhiteElo "2568"]
[BlackElo "2399"]
[PlyCount "89"]
[EventDate "1996.??.??"]

1. e4 c6 2. c4 e5 3. Nf3 d6 4. d4 Nd7 5. Nc3 Ngf6 6. Be2 a6 7. O-O Be7 8. Qc2
Qc7 9. h3 O-O 10. Rd1 b5 11. a3 Re8 12. Be3 Bb7 13. Rac1 Rac8 14. Qb1 Qb8 15.
b4 bxc4 16. dxe5 Nxe5 17. Nxe5 dxe5 18. Bxc4 $14 18... c5 19. b5 (19. Qb3 Rf8
20. Nd5) 19... axb5 20. Bxb5 Red8 21. Rxd8+ Bxd8 22. a4 22... Ba5 $11 23. f3 h6
24. Qa2 Qd6 25. Nd1 Nh5 26. Qf2 { } 26... c4 (26... Bb4) 27. Nb2 c3 28. Nc4 $14
28... Qc7 29. Bb6 Bxb6 30. Qxb6 Nf4 (30... Qxb6+ 31. Nxb6 Rc7 32. Nc4 $16) 31.
Qxc7 Rxc7 32. Kf1 Ne6 33. Ke2 (33. Nxe5) 33... Rc5 34. Ke3 Nd4 35. Nxe5 Nxb5
36. Nd3 Rc4 37. axb5 f6 38. Rb1 Kf8 39. Rb4 $18 39... Rc8 40. Kd4 c2 41. Rc4
Ke7 42. Nc5 Rd8+ 43. Ke3 Rb8 44. Rxc2 Bc8 45. Na6 1-0

[Event "XXVII. Abierto de Sevilla"]
[Site "?"]
[Date "2002.01.15"]
[Round "5"]
[White "Matamoros Franco, C."]
[Black "Campora Sivori, D."]
[Result "1-0"]
[WhiteElo "2456"]
[BlackElo "2542"]
[PlyCount "52"]
[EventDate "1996.??.??"]

1. c4 f5 2. Nf3 Nf6 3. g3 g6 4. b4 Bg7 5. Bb2 O-O 6. Bg2 d6 7. d4 e6 8. O-O a5
9. b5 c6 10. bxc6 bxc6 11. Nbd2 Ne4 12. Qc2 Nxd2 13. Nxd2 a4 14. Rab1 Ra7 15.
Rfc1 Rb7 16. e3 Qc7 17. d5 Bxb2 18. Rxb2 exd5 19. cxd5 c5 20. Rxb7 Bxb7 21. e4
Na6 22. exf5 Nb4 23. Qb1 Qf7 24. a3 Nxd5 25. Ne4 Bc6 26. Nxd6 26... Qe7 {
ilegible} 1-0

[Event "XXVII. Abierto de Sevilla"]
[Site "?"]
[Date "2002.01.15"]
[Round "5"]
[White "Spraggett, K."]
[Black "Teran Alvarez, I."]
[Result "1-0"]
[WhiteElo "2541"]
[BlackElo "2392"]
[PlyCount "85"]
[EventDate "1996.??.??"]

1. e4 c5 2. Nf3 e6 3. d3 Nc6 4. g3 g6 5. Bg2 Bg7 6. c3 Nge7 7. O-O O-O 8. Qe2
d6 9. Na3 e5 10. Nc2 f5 11. b4 Kh8 12. Rb1 cxb4 13. cxb4 Be6 14. b5 Na5 15.
exf5 gxf5 16. Nb4 Rc8 17. Ng5 Bg8 18. f4 h6 19. Nh3 Qd7 20. Be3 b6 21. Rfd1
21... Rc3 $6 22. fxe5 dxe5 23. Qd2 $14 23... f4 (23... Rcc8 24. Bxh6) 24. Qxc3
fxe3 25. Qe1 (25. d4 e2 26. Re1 exd4 27. Qd2) 25... Be6 26. Qxe3 Bxh3 27. Bxh3
Qxh3 28. Rf1 Rxf1+ 29. Rxf1 29... Qg4 $11 30. Qe4 Qxe4 31. dxe4 { } 31... Ng6
$6 (31... Nc4) 32. Rf7 $14 32... Bf8 33. Nd5 Bc5+ 34. Kg2 Nc4 35. Nf6 Nf8 36.
a4 Ne3+ 37. Kf3 Nf1 38. Rxa7 $18 38... h5 39. h3 Nd2+ 40. Ke2 Nb3 41. Kd3 h4
42. gxh4 Nd4 43. Kc4 1-0

[Event "XXVII. Abierto de Sevilla"]
[Site "?"]
[Date "2002.01.15"]
[Round "5"]
[White "Lalic, B."]
[Black "Tissir, M."]
[Result "1-0"]
[WhiteElo "2523"]
[BlackElo "2368"]
[PlyCount "67"]
[EventDate "1996.??.??"]

1. d4 Nf6 2. c4 g6 3. g3 Bg7 4. Bg2 O-O 5. Nf3 d6 6. O-O a6 7. Nc3 Nc6 8. b3
Rb8 9. e3 Bd7 10. Bb2 Qc8 11. d5 Na5 12. Qd2 c5 13. dxc6 bxc6 14. Rac1 Bh3 15.
c5 Bxg2 16. Kxg2 Rd8 17. cxd6 exd6 18. Na4 Qf5 19. Rfd1 Ne4 20. Qe2 Bxb2 21.
Nxb2 $14 21... c5 22. Qxa6 Ra8 23. Qe2 Nc6 24. Na4 Nb4 25. h3 h5 26. a3 Nc6 27.
Qc2 $16 { } 27... Rdb8 $2 (27... Ne7) 28. Nc3 $18 28... Nxc3 29. Qxf5 gxf5 30.
Rxc3 Rd8 31. b4 cxb4 32. Rxc6 bxa3 33. Ra1 Ra4 34. Ra2 1-0

[Event "XXVII. Abierto de Sevilla"]
[Site "?"]
[Date "2002.01.15"]
[Round "5"]
[White "Cifuentes Parada, R."]
[Black "Estremera Panos, S."]
[Result "1-0"]
[WhiteElo "2521"]
[BlackElo "2383"]
[PlyCount "61"]
[EventDate "1996.??.??"]

1. Nf3 Nf6 2. g3 b6 3. Bg2 Bb7 4. O-O c5 5. c4 g6 6. b3 Bg7 7. Bb2 O-O 8. Nc3
Na6 9. d4 e6 10. e3 d5 11. Ne5 Qe7 12. cxd5 exd5 13. Rc1 Ne4 14. Nf3 Rfd8 15.
a3 Nc7 16. dxc5 bxc5 17. Qc2 Rab8 18. Rfd1 Nxc3 19. Bxc3 Bxc3 20. Qxc3 Ne6 21.
b4 d4 22. exd4 Bxf3 23. Bxf3 Nxd4 (23... cxd4 24. Qd3 $14) 24. Re1 Qf6 25. Bg2
cxb4 26. axb4 Qb6 27. Rb1 a5 28. b5 Nxb5 29. Qe5 Rd2 30. Re3 { } 30... a4 $4 (
30... Rc2) 31. Bf1 1-0

[Event "XXVII. Abierto de Sevilla"]
[Site "?"]
[Date "2002.01.15"]
[Round "5"]
[White "Paragua, M."]
[Black "Frois, A."]
[Result "1-0"]
[WhiteElo "2469"]
[BlackElo "2354"]
[PlyCount "75"]
[EventDate "1996.??.??"]

1. e4 c5 2. d3 g6 3. g3 Bg7 4. Bg2 Nc6 5. f4 d6 6. Nf3 e5 7. O-O exf4 8. Bxf4
Nge7 9. Na3 O-O 10. c3 Ne5 11. Nc4 Qc7 12. Qd2 Be6 13. Ne3 Rad8 14. Ng5 Bc8 15.
h4 f6 16. Nh3 Be6 17. Qe2 Qd7 18. Kh2 Ng4+ 19. Nxg4 Bxg4 20. Qd2 d5 21. Nf2 Be6
22. Rfe1 dxe4 23. Nxe4 b6 24. Qe2 Nd5 25. Bd2 $15 (25. Nxc5 bxc5 26. Qxe6+ Qxe6
27. Rxe6 Nxf4 28. gxf4 28... Rxd3 $11) 25... Rfe8 26. Qf2 Bf5 27. h5 Bxe4 28.
Bxe4 f5 29. Bf3 Nf6 30. h6 Bh8 31. Bg5 Qxd3 (31... Rxe1 32. Rxe1 Re8) 32. Rad1
Qb5 33. Rxd8 33... Rxd8 { } 34. Re6 $6 (34. Re7 $15) 34... Rf8 $2 (34... Kf7 $1
$17) 35. Qd2 35... Qf1 $6 (35... Ng4+ 36. Kg1) 36. Rxf6 Bxf6 37. Qd5+ Rf7 38.
Qa8+ 1-0

[Event "XXVII. Abierto de Sevilla"]
[Site "?"]
[Date "2002.01.15"]
[Round "5"]
[White "Durao, J."]
[Black "Garcia Luque, A."]
[Result "0-1"]
[WhiteElo "2150"]
[BlackElo "2425"]
[PlyCount "72"]
[EventDate "1996.??.??"]

1. e4 c6 2. Nc3 d5 3. Nf3 Bg4 4. h3 Bxf3 5. Qxf3 Nf6 6. d3 e6 7. a3 Nbd7 8. g4
h6 9. Bg2 Bd6 10. O-O Qb8 11. Qe2 d4 12. Nb1 Bf4 13. c3 c5 14. b4 Bxc1 15. Rxc1
O-O 16. bxc5 Nxc5 17. Nd2 Qd8 18. Rab1 Rc8 19. c4 19... e5 $15 20. Rb4 Nfd7 21.
Bf1 Qg5 22. Qd1 Rc6 23. Ra1 h5 24. Nf3 Qf4 25. g5 f6 26. g6 26... f5 $19 27.
exf5 Rxf5 28. Bg2 Rxg6 29. Kf1 Rgf6 30. Rb2 g5 31. Qe2 b6 32. a4 g4 33. hxg4
Qxg4 34. Ne1 Qh4 35. a5 35... Rg6 { } 36. axb6 Rxg2 0-1

[Event "XXVII. Abierto de Sevilla"]
[Site "?"]
[Date "2002.01.15"]
[Round "5"]
[White "Barrero Garcia, C."]
[Black "Diaz Rodriguez, J."]
[Result "1-0"]
[WhiteElo "2308"]
[BlackElo "2106"]
[PlyCount "75"]
[EventDate "1996.??.??"]

1. Nf3 Nf6 2. c4 e6 3. g3 d5 4. Bg2 Be7 5. O-O O-O 6. d4 c6 7. Qc2 Nbd7 8. Nbd2
Re8 9. b3 Bd6 10. Bb2 e5 11. e4 dxe4 12. Nxe4 Nxe4 13. Qxe4 Nf6 14. Qc2 e4 15.
Ng5 Qe7 16. Rae1 Bf5 17. f3 17... Bb4 { } 18. fxe4 Bxe1 19. Rxf5 h6 20. Nh3
Rad8 21. e5 Nd7 22. Qe2 Bb4 23. Nf4 Ba3 24. Bc3 Bb4 25. Ba1 Nf8 26. Qg4 Ne6 27.
Nh5 Kf8 28. h4 Ba5 29. d5 cxd5 30. cxd5 Qc5+ 31. Kh2 Rxd5 32. b4 { } 32... Qc2
$6 (32... Qb5) 33. Rxf7+ $2 (33. Qg6 $18) 33... Kxf7 34. Qf3+ Ke7 35. Qxd5 Rd8
36. Qxb7+ Rd7 37. Qc6 $2 (37. Qf3) 37... Bxb4 $4 (37... Qxc6 38. Bxc6 Rd2+ 39.
Kh3 39... Bxb4 $19) 38. Qxc2 1-0